| 000 | 00435 a2200169 4500 | ||
|---|---|---|---|
| 020 | _a0072400536 | ||
| 020 | _a0072475110 | ||
| 040 |
_aDLC _bDLC |
||
| 082 | 0 | 0 | _a808.5/1 |
| 100 | 1 | _aGregory, Hamilton. | |
| 245 | 1 | 0 |
_aPublic speaking for college and career _cHamilton Gregory. |
| 250 | _a6th ed. | ||
| 260 |
_aBoston, Mass. : _bMcGraw-Hill, _c2002. |
||
| 300 | _ap. cm. | ||
| 650 | 0 | _aPublic speaking. | |
| 942 |
_cBK _k808.51 GRE _2ddc |
||
| 999 |
_c9622 _d9622 |
||